|
|
|
|
| LEADER |
00000cam a2200000 7i4500 |
| 001 |
0000031484 |
| 005 |
20120305.0 |
| 008 |
120305 |
| 020 |
|
|
|a 9833376292
|
| 090 |
0 |
0 |
|a 651.75
|b SAM
|
| 100 |
0 |
|
|a Samsudin Wahab
|
| 245 |
1 |
0 |
|a Surat minit mesyuarat, dokumen perniagaan dan laporan
|c Samsudin Wahab
|
| 260 |
|
|
|a Kuala Lumpur :
|b PTS Publication & Distributors ,
|c 2008
|
| 650 |
|
0 |
|a Business writing
|
| 650 |
|
0 |
|a Commercial correspondence
|
| 650 |
|
0 |
|a Letter writing
|
| 999 |
|
|
|a 0001135224
|b Book
|c Adult Collection
|e Perbadanan Perpustakaan Awam Johor
|
| 999 |
|
|
|a 0001135225
|b Book
|c Adult Collection
|e Perbadanan Perpustakaan Awam Johor
|
| 999 |
|
|
|a 0001135227
|b Book
|c Adult Collection
|e Perbadanan Perpustakaan Awam Johor
|
| 999 |
|
|
|a 0001135228
|b Book
|c Adult Collection
|e Perbadanan Perpustakaan Awam Johor
|